000 01207nam a2200361 c 4500
001 58402
003 CO-BoRNBP
005 20250822142034.0
007 ta
008 160801s2007 ck a jr 000 fdspa d
020 _a9789583007958
040 _aCO-BoRNBP
_bspa
_erda
_cCO-BoRNBP
041 0 _aspa
043 _as-ck---
084 _aN
100 _aCastilla, Julia Mercedes
_eaut
_963106
245 1 0 _aLuisa viaja en tren /
_cJulia Mercedes Castilla ; ilustrado por Eric Nieto Torres.
250 _aPrimera edición
264 1 _aBogotá, Colombia :
_bPanamericana Editorial,
_c2007
300 _a126 páginas :
_bilustraciones a color
336 _atexto
_btxt
_2rdacontent
337 _asin mediación
_bn
_2rdamedia
338 _avolumen
_bnc
_2rdacarrier
490 0 _aLiteratura juvenil
500 _aIncluye datos biográficos de la autora
521 1 _aRecomendado para jóvenes de 12 años en adelante
650 0 7 _aFerrocarriles en la literatura
_2lemb
_963107
650 0 7 _aNiños en la literatura
_2lemb
_9873
650 0 4 _aNovela colombiana
_2LEMB
_91193
650 0 4 _aLiteratura colombiana
_ySiglo XXI
_2LEMB
_965
700 _aNieto Torres, Eric
_eill
_959523
942 _2loc
_cBKLITI
999 _c58402
_d58402